Redeem Team 2008 players - Statistiques

Statistiques générales
  • Ce quiz a été pris 8 fois
  • Le résultat moyen est 8 sur 16
Statistiques - réponses
Poste Team Redeem Team 2008 % Correct
Shooting Guard Los Angeles Lakers Kobe Bryant
100%
Power Forward Cleveland Cavaliers LeBron James
100%
Small Forward Denver Nuggets Carmelo Anthony
86%
Shooting Guard Miami Heat Dwyane Wade
86%
Center Orlando Magic Dwight Howard
71%
Point Guard Dallas Mavericks Jason Kidd
71%
Center Toronto Raptors Chris Bosh
57%
Point Guard New Orleans Hornets Chris Paul
57%
Power Forward Utah Jazz Carlos Boozer
29%
Coach Duke Blue Devils Mike Krzyzewski
29%
Point Guard Utah Jazz Deron Williams
14%
Assistant Coach Syracuse Orange Jim Boeheim
14%
Shooting Guard Milwaukee Bucks Michael Redd
14%
Assistant Coach Phoenix Suns Mike D'Antoni
14%
Assistant Coach Portland Trail Blazers Nate McMillan
14%
Small Forward Detroit Pistons Tayshaun Prince
14%
Aucun quiz correspondant
Distribution des résultats
% des personnes avec chaque résultat
Percentile par nombre de réponses
Votre historique - résultats
Vous n’avez pas pris ce quiz